MARC details
| 000 -LEADER |
| fixed length control field |
02445nam a2200601 i 4500 |
| 001 - CONTROL NUMBER |
| control field |
991053088373605066 |
| 003 - CONTROL NUMBER IDENTIFIER |
| control field |
NyNyJPI |
| 005 - DATE AND TIME OF LATEST TRANSACTION |
| control field |
20260410170758.0 |
| 008 - FIXED-LENGTH DATA ELEMENTS--GENERAL INFORMATION |
| fixed length control field |
231103s2023 pl acho |001 0bpol c |
| 009 - PHYSICAL DESCRIPTION FIXED-FIELD FOR ARCHIVAL COLLECTION (VM) [OBSOLETE] |
| fixed length control field |
b1000003041872 |
| 015 ## - NATIONAL BIBLIOGRAPHY NUMBER |
| National bibliography number |
UWD 2023/35605 |
| 020 ## - INTERNATIONAL STANDARD BOOK NUMBER |
| International Standard Book Number |
9788382298062 |
| Qualifying information |
(oprawa twarda ; |
| -- |
IPN) : |
| Terms of availability |
zł 60 |
| 035 ## - SYSTEM CONTROL NUMBER |
| System control number |
(PL)b1000003041872 |
| 035 ## - SYSTEM CONTROL NUMBER |
| System control number |
(EXLNZ-48OMNIS_NETWORK)9913334057305606 |
| 040 ## - CATALOGING SOURCE |
| Original cataloging agency |
WA N |
| Transcribing agency |
WA N |
| Modifying agency |
WA N |
| -- |
KR U |
| -- |
LUBL KUL |
| -- |
WA N |
| -- |
WA M |
| -- |
LUBL M |
| -- |
KOSZ W |
| 045 2# - TIME PERIOD OF CONTENT |
| Formatted 9999 B.C. through C.E. time period |
d1915 |
| -- |
d1944 |
| 046 ## - SPECIAL CODED DATES |
| Beginning or single date created |
2023 |
| 080 ## - UNIVERSAL DECIMAL CLASSIFICATION NUMBER |
| Field link and sequence number |
1.1\x |
| Universal Decimal Classification number |
94(438).078 |
| 080 ## - UNIVERSAL DECIMAL CLASSIFICATION NUMBER |
| Field link and sequence number |
1.2\x |
| Universal Decimal Classification number |
94(438).081 |
| 080 ## - UNIVERSAL DECIMAL CLASSIFICATION NUMBER |
| Field link and sequence number |
1.3\x |
| Universal Decimal Classification number |
329.17(438) |
| 080 ## - UNIVERSAL DECIMAL CLASSIFICATION NUMBER |
| Field link and sequence number |
1.4\x |
| Universal Decimal Classification number |
929-052(438)"19" |
| 084 ## - OTHER CLASSIFICATION NUMBER |
| Classification number |
01 |
| 100 1# - MAIN ENTRY--PERSONAL NAME |
| Personal name |
Muszyński, Wojciech Jerzy |
| Dates associated with a name |
(1972- ) |
| Relator term |
Autor |
| 245 10 - TITLE STATEMENT |
| Title |
Bolesław Piasecki : |
| Remainder of title |
początki drogi (1915-1944) / |
| Statement of responsibility, etc. |
Wojciech Jerzy Muszyński ; Instytut Pamięci Narodowej Komisja Ścigania Zbrodni Przeciwko Narodowi Polskiemu. Oddział w Warszawie, Instytut Dziedzictwa Myśli Narodowej im. Romana Dmowskiego i Ignacego Paderewskiego. |
| 260 ## - PUBLICATION, DISTRIBUTION, ETC. |
| Place of publication, distribution, etc. |
Warszawa : |
| Name of publisher, distributor, etc. |
Instytut Dziedzictwa Myśli Narodowej im. Romana Dmowskiego i Ignacego Paderewskiego : |
| -- |
Instytut Pamięci Narodowej, |
| Date of publication, distribution, etc. |
2023. |
| 300 ## - PHYSICAL DESCRIPTION |
| Extent |
680 stron, [24] strony tablic : |
| Other physical details |
faksymilia, fotografie, ilustracje, portrety ; |
| Dimensions |
25 cm. |
| 336 ## - CONTENT TYPE |
| Content type term |
Tekst |
| Content type code |
txt |
| Source |
rdacontent |
| 337 ## - MEDIA TYPE |
| Media type term |
Bez urządzenia pośredniczącego |
| Media type code |
n |
| Source |
rdamedia |
| 338 ## - CARRIER TYPE |
| Carrier type term |
Wolumin |
| Carrier type code |
nc |
| Source |
rdacarrier |
| 380 ## - FORM OF WORK |
| Form of work |
Książki |
| 380 ## - FORM OF WORK |
| Form of work |
Publikacje naukowe |
| 388 1# - TIME PERIOD OF CREATION |
| Time period of creation term |
2001- |
| 504 ## - BIBLIOGRAPHY, ETC. NOTE |
| Bibliography, etc. note |
Bibliografia, netografia na stronach 647-664. Indeks. |
| 600 17 - SUBJECT ADDED ENTRY--PERSONAL NAME |
| Personal name |
Piasecki, Bolesław |
| Dates associated with a name |
(1915-1979) |
| Source of heading or term |
DBN |
| 600 10 - SUBJECT ADDED ENTRY--PERSONAL NAME |
| Personal name |
Piasecki, Bolesław, |
| Dates associated with a name |
1915-1979. |
| 610 27 - SUBJECT ADDED ENTRY--CORPORATE NAME |
| Corporate name or jurisdiction name as entry element |
Obóz Narodowo-Radykalny |
| Source of heading or term |
DBN |
| 610 27 - SUBJECT ADDED ENTRY--CORPORATE NAME |
| Corporate name or jurisdiction name as entry element |
Stowarzyszenie "PAX" |
| Source of heading or term |
DBN |
| 648 #7 - SUBJECT ADDED ENTRY--CHRONOLOGICAL TERM |
| Chronological term |
1901-2000 |
| Source of heading or term |
DBN |
| 648 #7 - SUBJECT ADDED ENTRY--CHRONOLOGICAL TERM |
| Chronological term |
1914-1918 |
| Source of heading or term |
DBN |
| 648 #7 - SUBJECT ADDED ENTRY--CHRONOLOGICAL TERM |
| Chronological term |
1918-1939 |
| Source of heading or term |
DBN |
| 648 #7 - SUBJECT ADDED ENTRY--CHRONOLOGICAL TERM |
| Chronological term |
1939-1945 |
| Source of heading or term |
DBN |
| 650 #7 - SUBJECT ADDED ENTRY--TOPICAL TERM |
| Topical term or geographic name entry element |
Organizacje |
| Source of heading or term |
DBN |
| 650 #7 - SUBJECT ADDED ENTRY--TOPICAL TERM |
| Topical term or geographic name entry element |
Politycy |
| Source of heading or term |
DBN |
| 650 #7 - SUBJECT ADDED ENTRY--TOPICAL TERM |
| Topical term or geographic name entry element |
Światopogląd |
| Source of heading or term |
DBN |
| 650 #0 - SUBJECT ADDED ENTRY--TOPICAL TERM |
| Topical term or geographic name entry element |
Politicians |
| Geographic subdivision |
Poland |
| Form subdivision |
Biography |
| 651 #7 - SUBJECT ADDED ENTRY--GEOGRAPHIC NAME |
| Geographic name |
Polska |
| Source of heading or term |
DBN |
| 655 #7 - INDEX TERM--GENRE/FORM |
| Genre/form data or focus term |
Biografia |
| Source of term |
DBN |
| 658 ## - INDEX TERM--CURRICULUM OBJECTIVE |
| Main curriculum objective |
Historia |
| 658 ## - INDEX TERM--CURRICULUM OBJECTIVE |
| Main curriculum objective |
Polityka, politologia, administracja publiczna |
| 710 2# - ADDED ENTRY--CORPORATE NAME |
| Corporate name or jurisdiction name as entry element |
Instytut Dziedzictwa Myśli Narodowej im. Romana Dmowskiego i Ignacego Jana Paderewskiego |
| Relator term |
Instytucja sprawcza |
| -- |
Wydawca |
| Relationship |
pbl |
| 710 2# - ADDED ENTRY--CORPORATE NAME |
| Corporate name or jurisdiction name as entry element |
Instytut Pamięci Narodowej |
| Relator term |
Instytucja sprawcza |
| -- |
Wydawca |
| Relationship |
pbl |
| 942 ## - ADDED ENTRY ELEMENTS (KOHA) |
| Source of classification or shelving scheme |
Other/Generic Classification Scheme |
| Koha item type |
Books |
| Suppress in OPAC |
No |